000 00450nam a2200181Ia 4500
001 1787
005 20260306143754.0
008 260306t2006||||xx |||||||||||||| ||spa||
041 _aESP
082 _a155.4
_bN86
100 _aNovaes, Luiza Helena Vinholes Siqueira
_eAUT
245 0 _aBrincar e aprender :
_bquem quer saber?
260 _c2006
300 _a320 páginas :
_c14 cm
650 _aGEN
654 _aCPS
942 _cLIB
_dJUS
_fJUS
_2ddc
_n
999 _c1787
_d1787